Star Wars: First 3 Lightsabers Quiz Stats

Quiz Updated Jan 23, 2018

Challenge
Share
Tweet
Embed
Score 0/27 Timer 03:00
15 Plays Today
Star Wars Movie Character % Correct
A New HopeLuke Skywalker
98.4%
The Empire Strikes BackLuke Skywalker
98.4%
Return of the JediLuke Skywalker
98.4%
The Last JediLuke Skywalker
98.4%
A New HopeObi-Wan Kenobi
97%
Rogue OneDarth Vader
96.5%
A New HopeDarth Vader
96.5%
The Empire Strikes BackDarth Vader
96.5%
Return of the JediDarth Vader
96.5%
The Phantom MenaceObi-Wan Kenobi
96%
Attack of the ClonesObi-Wan Kenobi
96%
The Clone WarsObi-Wan Kenobi
96%
Revenge of the SithObi-Wan Kenobi
96%
Attack of the ClonesAnakin Skywalker
92.6%
Star Wars Movie Character % Correct
The Clone WarsAnakin Skywalker
92.6%
Revenge of the SithAnakin Skywalker
92.6%
The Force AwakensKylo Ren
88.5%
The Last JediBen Solo
88.5%
The Phantom MenaceDarth Maul
87.4%
The Force AwakensRey
85.8%
The Last JediRey
85.8%
The Phantom MenaceQui-Gon Jinn
84.9%
The Empire Strikes BackHan Solo
79.1%
Attack of the ClonesMace Windu
78.6%
The Force AwakensFinn
73%
Revenge of the SithCount Dooku
66.5%
The Clone WarsAhsoka Tano
21.6%

You're not logged in!

Compare scores with friends on all Sporcle quizzes.
Sign Up with Email
OR
Log In

You Might Also Like...

Show Comments

Extras

Top Quizzes Today


Score Distribution

Your Account Isn't Verified!

In order to create a playlist on Sporcle, you need to verify the email address you used during registration. Go to your Sporcle Settings to finish the process.

Report this User

Report this user for behavior that violates our Community Guidelines.

Details: